00468nam a22001697a 450000500170000002000290001704000340004608200120008010000150009224500600010725000120016726000350017930000350021450400190024954600080026865000220027620260327083415.0 a0421781505cTZS 67,787.5 aMCCLbengeAACR 2nd r.ev. ed. a341 HAR aHarris,D.J aCases and materials on international lawc/ D.J. Harris a6th ed. aLondon :bSweet& Maxwellc2004 alxiii,1152 p. :bill. ;c22 cm aIncludes index aeng aInternational law